F1 circuits since the 2000 season - Statistics

General Stats
  • This quiz has been taken 1,837 times
    1,625 since last reset
  • The average score is 25 of 37
Answer Stats
Picture Answer % Correct
Autodromo nazionale di Monza
95%
Silverstone Circuit
90%
Marina Bay Street Circuit
87%
Circuit de Monaco
86%
Albert Park Circuit
83%
Suzuka Circuit
83%
Circuit de Spa-Francorchamps
82%
Baku City Circuit
81%
Circuit Gilles Villeneuve
78%
Red Bull Ring
78%
Jeddah Street Circuit
77%
Bahrain International Circuit
76%
Hungaroring
76%
Circuit de Barcelona-Catalunya
75%
Yas Marina Circuit
75%
Autodromo Internazionale Enzo e Dino Ferrari
73%
Circuit of the Americas
72%
Autódromo José Carlos Pace
71%
Sochi Autodrom
70%
Circuit Zandvoort
69%
Shanghai International Circuit
68%
Circuit Paul Ricard
67%
Algarve International Circuit
65%
Hockenheimring
63%
Losail International Circuit
63%
Nürburgring
60%
Sepang International Circuit
60%
Autódromo Hermanos Rodríguez
59%
Miami International Autodrome
56%
Autodromo Internazionale del Mugello
48%
Indianapolis Motor Speedway
47%
Intercity Istanbul Park
45%
Valencia Street Circuit
39%
Korea International Circuit
36%
Fuji Speedway
35%
Buddh International Circuit
32%
Circuit de Nevers Magny-Cours
32%
No matching quizzes found
Score Distribution
Percent of People with Each Score
Percentile by Number Answered
Your Score History
You have not taken this quiz since the last reset